| 000 | 00349nam a2200145Ia 4500 | ||
|---|---|---|---|
| 008 | 180730s9999||||xx |||||||||||||| ||und|| | ||
| 020 | _a9780240817811 | ||
| 082 |
_a781.3 _bWRI/C |
||
| 100 | _aWright, Steve | ||
| 245 | 0 | _aCompositing Visual Effects | |
| 250 | _a2nd Edition | ||
| 260 |
_aLondon _bFocal Press _c2011 |
||
| 300 | _a330p | ||
| 942 | _aBK | ||
| 999 |
_c2220 _d2220 |
||